[Event "Collado Villalba 2000"]
[Site "Collado Villalba ESP"]
[Date "2000.08.25"]
[Round "4"]
[White "Mas Artigas, Pere"]
[Black "Pogorelov, Ruslan"]
[Result "0-1"]
[WhiteElo "2065"]
[BlackElo "2445"]
[PlyCount "78"]
[EventDate "2000.08.22"]
[EventType "swiss"]
[EventRounds "9"]
[EventCountry "ESP"]
[SourceTitle "AjedrezenMadrid.com"]
[Source "lmi"]
[SourceDate "2000.08.01"]
[SourceVersion "1"]
[SourceVersionDate "2020.12.27"]
[SourceQuality "2"]

1. e4 c5 2. Nc3 Nc6 3. g3 g6 4. Bg2 Bg7 5. d3 d6 6. f4 e6 7. Bd2 Nge7 8. Nf3
Rb8 9. a4 a6 10. O-O O-O 11. Qc1 b5 12. axb5 axb5 13. Ne2 Qb6 14. Kh1 Bb7 15.
g4 f5 16. gxf5 exf5 17. Ng5 Ra8 18. Rxa8 Rxa8 19. Bc3 Bxc3 20. bxc3 h6 21. Nf3
fxe4 22. dxe4 Nd8 23. Ng3 Nf7 24. h4 Ra4 25. Qe3 d5 26. e5 d4 27. cxd4 cxd4 28.
Qd3 Nd5 29. e6 Qxe6 30. f5 Qe7 31. fxg6 Nd6 32. Nf5 Nxf5 33. Qxf5 Ne3 34. Qf7+
Qxf7 35. gxf7+ Kf8 36. Rf2 Nxg2 37. Kxg2 Ra3 38. Kg3 Kxf7 39. Kf4 Bxf3 0-1

[Event "Collado Villalba 2000"]
[Site "Collado Villalba ESP"]
[Date "2000.08.25"]
[Round "4"]
[White "Roa Alonso, Santiago"]
[Black "Korneev, Oleg"]
[Result "0-1"]
[WhiteElo "2358"]
[BlackElo "2619"]
[PlyCount "90"]
[EventDate "2000.08.22"]
[EventType "swiss"]
[EventRounds "9"]
[EventCountry "ESP"]
[SourceTitle "AjedrezenMadrid.com"]
[Source "lmi"]
[SourceDate "2000.08.01"]
[SourceVersion "1"]
[SourceVersionDate "2020.12.27"]
[SourceQuality "2"]

1. d4 d5 2. c4 e6 3. Nf3 Nf6 4. g3 dxc4 5. Bg2 a6 6. O-O Nc6 7. Na3 Bxa3 8.
bxa3 Rb8 9. Bb2 b5 10. Qc2 O-O 11. e4 Ne7 12. Rad1 Ng6 13. Bc3 Re8 14. Ne5 Bb7
15. f4 Qc8 16. Rfe1 Nd7 17. Bh3 Ndxe5 18. fxe5 Qd8 19. Qf2 c5 20. d5 Qc7 21. d6
Qc6 22. Bg2 Red8 23. h4 b4 24. axb4 cxb4 25. Bd4 Nf8 26. g4 c3 27. h5 a5 28. h6
a4 29. hxg7 Ng6 30. Re3 Ba6 31. Rh3 c2 32. Rc1 b3 33. axb3 axb3 34. Bb2 Qb6 35.
Qxb6 Rxb6 36. Bf1 Bxf1 37. Kxf1 Rb5 38. Kf2 Nxe5 39. Bxe5 Rxe5 40. Rxb3 Rxe4
41. Kf3 Rd4 42. Rxc2 R4xd6 43. Rc7 Rd3+ 44. Rxd3 Rxd3+ 45. Ke4 Rd5 0-1

[Event "Collado Villalba 2000"]
[Site "Collado Villalba ESP"]
[Date "2000.08.26"]
[Round "5"]
[White "Galvan, Jesus"]
[Black "Roa Alonso, Santiago"]
[Result "0-1"]
[WhiteElo "2171"]
[BlackElo "2358"]
[PlyCount "54"]
[EventDate "2000.08.22"]
[EventType "swiss"]
[EventRounds "9"]
[EventCountry "ESP"]
[SourceTitle "AjedrezenMadrid.com"]
[Source "lmi"]
[SourceDate "2000.08.01"]
[SourceVersion "1"]
[SourceVersionDate "2020.12.27"]
[SourceQuality "2"]

1. d4 d5 2. c4 e6 3. Nc3 Nf6 4. Bg5 Be7 5. Nf3 O-O 6. e3 h6 7. Bh4 b6 8. Bd3
dxc4 9. Bxc4 Bb7 10. O-O Nbd7 11. Qe2 Ne4 12. Bxe7 Qxe7 13. Rac1 c5 14. Nxe4
Bxe4 15. Rfd1 cxd4 16. Rxd4 Nf6 17. Ba6 Rad8 18. Rcd1 Rxd4 19. Rxd4 Rd8 20. Qd1
Rxd4 21. Qxd4 Qc7 22. h3 Bd5 23. a3 Qc1+ 24. Bf1 Ne4 25. Ne5 Nd2 26. Qd3 Qxb2
27. f3 Nxf1 0-1

[Event "Collado Villalba 2000"]
[Site "Collado Villalba ESP"]
[Date "2000.08.26"]
[Round "5"]
[White "Gonzalez de la Torre, Santiago"]
[Black "Bandres Carballo, Julio"]
[Result "0-1"]
[WhiteElo "2252"]
[BlackElo "2151"]
[PlyCount "82"]
[EventDate "2000.08.22"]
[EventType "swiss"]
[EventRounds "9"]
[EventCountry "ESP"]
[SourceTitle "AjedrezenMadrid.com"]
[Source "lmi"]
[SourceDate "2000.08.01"]
[SourceVersion "1"]
[SourceVersionDate "2020.12.27"]
[SourceQuality "2"]

1. e4 e5 2. Nf3 Nc6 3. Bb5 a6 4. Bxc6 dxc6 5. O-O Bd6 6. d4 exd4 7. Qxd4 f6 8.
Be3 Ne7 9. Nbd2 b5 10. c4 c5 11. Qc3 b4 12. Qc2 Ng6 13. a3 bxa3 14. Rxa3 Qe7
15. Ra5 Bb7 16. Qb3 Rb8 17. Qa3 Bxe4 18. Bxc5 Bxf3 19. Nxf3 Bxc5 20. Rxc5 O-O
21. Rc6 Rfe8 22. h3 Rb6 23. Qa4 Qd7 24. Nd4 Ne5 25. Re1 Qxd4 26. Rd1 Qxd1+ 27.
Qxd1 Rxc6 28. Qd5+ Rce6 29. f4 c6 30. Qd4 Nf7 31. Qa7 h5 32. Qxa6 h4 33. b4 Nh6
34. Qa5 Re4 35. g3 Re1+ 36. Kf2 R8e2+ 37. Kf3 Re3+ 38. Kg2 R1e2+ 39. Kg1 Rb2
40. b5 Rxg3+ 41. Kf1 Nf5 0-1

[Event "Collado Villalba 2000"]
[Site "Collado Villalba ESP"]
[Date "2000.08.26"]
[Round "5"]
[White "Korneev, Oleg"]
[Black "Perez, Rodney"]
[Result "1/2-1/2"]
[WhiteElo "2619"]
[BlackElo "2478"]
[PlyCount "131"]
[EventDate "2000.08.22"]
[EventType "swiss"]
[EventRounds "9"]
[EventCountry "ESP"]
[SourceTitle "AjedrezenMadrid.com"]
[Source "lmi"]
[SourceDate "2000.08.01"]
[SourceVersion "1"]
[SourceVersionDate "2020.12.27"]
[SourceQuality "2"]

1. e4 e5 2. Nf3 Nf6 3. Nxe5 d6 4. Nf3 Nxe4 5. d4 d5 6. Bd3 Be7 7. O-O Bf5 8. c4
dxc4 9. Bxc4 O-O 10. Nc3 Nc6 11. Re1 Nd6 12. Bd3 Bf6 13. d5 Bxd3 14. Qxd3 Nb4
15. Qd1 a5 16. a3 Na6 17. Be3 Re8 18. Qa4 Nb8 19. Bd4 Rxe1+ 20. Rxe1 Nd7 21.
Nb5 Bxd4 22. Nbxd4 Nb6 23. Qc2 Nxd5 24. h4 h6 25. Nf5 Nxf5 26. Qxf5 Nf6 27. g4
Qd7 28. Qxd7 Nxd7 29. g5 Kf8 30. Kg2 a4 31. Rd1 Nb6 32. Ne5 hxg5 33. hxg5 Ra5
34. f4 Rd5 35. Rc1 Rd2+ 36. Kf3 c6 37. Nc4 Nxc4 38. Rxc4 Rxb2 39. Rxa4 g6 40.
Ra8+ Ke7 41. a4 Rd2 42. a5 Rd8 43. Ra7 Rd7 44. a6 bxa6 45. Rxa6 Kd6 46. Ke4 Kc5
47. Ra1 Rd4+ 48. Ke3 Rd5 49. Ke4 Kd6 50. Ra2 Rb5 51. Ra7 Rb4+ 52. Ke3 Ke6 53.
Rc7 Rc4 54. Kf3 f6 55. gxf6 Kxf6 56. Ke3 Rc5 57. Ke4 Rc1 58. Kf3 Rc2 59. Rc8
Kg7 60. Rc7+ Kh6 61. Ke4 Rc1 62. Kf3 c5 63. Rc6 Kh5 64. Rc8 Rc3+ 65. Ke4 Kg4
66. Rg8 1/2-1/2

[Event "Collado Villalba 2000"]
[Site "Collado Villalba ESP"]
[Date "2000.08.26"]
[Round "5"]
[White "Lorite Cruz, Francisco"]
[Black "Garcia, Raul"]
[Result "1/2-1/2"]
[WhiteElo "2198"]
[BlackElo "2318"]
[PlyCount "54"]
[EventDate "2000.08.22"]
[EventType "swiss"]
[EventRounds "9"]
[EventCountry "ESP"]
[SourceTitle "AjedrezenMadrid.com"]
[Source "lmi"]
[SourceDate "2000.08.01"]
[SourceVersion "1"]
[SourceVersionDate "2020.12.27"]
[SourceQuality "2"]

1. e4 c5 2. Nf3 e6 3. d4 cxd4 4. Nxd4 a6 5. Bd3 Nf6 6. O-O Qc7 7. Nd2 Be7 8.
N2f3 d6 9. Re1 Nbd7 10. Nb3 O-O 11. Bd2 b6 12. c4 Bb7 13. Bc3 e5 14. Bb4 Nh5
15. g3 g6 16. Bf1 f5 17. Nbd2 Ng7 18. Rc1 Nc5 19. Bxc5 Qxc5 20. Bg2 Qc7 21. Qe2
Ne6 22. b4 Rf7 23. exf5 gxf5 24. Nb3 Bf6 25. Red1 Qe7 26. Ne1 e4 27. Nc2 Be5
1/2-1/2

[Event "Collado Villalba 2000"]
[Site "Collado Villalba ESP"]
[Date "2000.08.26"]
[Round "5"]
[White "Mas Artigas, Pere"]
[Black "Blasco, Miguel"]
[Result "1/2-1/2"]
[WhiteElo "2065"]
[BlackElo "2266"]
[PlyCount "82"]
[EventDate "2000.08.22"]
[EventType "swiss"]
[EventRounds "9"]
[EventCountry "ESP"]
[SourceTitle "AjedrezenMadrid.com"]
[Source "lmi"]
[SourceDate "2000.08.01"]
[SourceVersion "1"]
[SourceVersionDate "2020.12.27"]
[SourceQuality "2"]

1. e4 d5 2. exd5 Nf6 3. d4 Nxd5 4. Nf3 g6 5. Be2 Bg7 6. O-O O-O 7. c4 Nb6 8. h3
Nc6 9. Be3 e5 10. d5 e4 11. Nd4 Ne5 12. Qc1 Re8 13. Nd2 Qh4 14. N2b3 h6 15. Bf4
a5 16. Bg3 Qe7 17. Nb5 a4 18. N3d4 Qc5 19. Rb1 Rb8 20. Rd1 Na8 21. b4 axb3 22.
Nxb3 Qe7 23. c5 Bd7 24. N3d4 Kh7 25. d6 cxd6 26. Nxd6 Rf8 27. Bb5 Bxb5 28.
N4xb5 Nd3 29. Qe3 Nb2 30. Rd2 f5 31. Rdxb2 Bxb2 32. Rxb2 f4 33. Bxf4 Qf6 34.
Bxh6 Qxb2 35. Bxf8 Rxf8 36. Qxe4 Qxf2+ 37. Kh2 Qxc5 38. Qe7+ Kg8 39. Qe6+ Kh7
40. Qe7+ Kg8 41. Qe6+ Kh7 1/2-1/2

[Event "Collado Villalba 2000"]
[Site "Collado Villalba ESP"]
[Date "2000.08.26"]
[Round "5"]
[White "Moreno Carnero, Javier"]
[Black "Vazquez Quiroga, Manuel"]
[Result "1-0"]
[WhiteElo "2515"]
[BlackElo "2204"]
[PlyCount "61"]
[EventDate "2000.08.22"]
[EventType "swiss"]
[EventRounds "9"]
[EventCountry "ESP"]
[SourceTitle "AjedrezenMadrid.com"]
[Source "lmi"]
[SourceDate "2000.08.01"]
[SourceVersion "1"]
[SourceVersionDate "2020.12.27"]
[SourceQuality "2"]

1. e4 g6 2. d4 Bg7 3. Nf3 d6 4. c3 Nf6 5. Bd3 c5 6. O-O Bg4 7. Nbd2 cxd4 8.
cxd4 Nc6 9. h3 Bxf3 10. Nxf3 O-O 11. a3 Rc8 12. Be3 a6 13. b4 e6 14. Rc1 Nd7
15. Qb3 Ne7 16. Bg5 Bf6 17. Rxc8 Qxc8 18. Bf4 Qc6 19. Rc1 Qb6 20. Qa4 Nb8 21.
b5 axb5 22. Bxb5 Rc8 23. Rxc8+ Nxc8 24. Bf1 Nc6 25. d5 exd5 26. exd5 N6e7 27.
Bg5 Kg7 28. Bxf6+ Kxf6 29. Qe8 Qb1 30. Qh8+ Kf5 31. Qd4 1-0

[Event "Collado Villalba 2000"]
[Site "Collado Villalba ESP"]
[Date "2000.08.26"]
[Round "5"]
[White "Sanz Montarelo, Teodoro"]
[Black "Barria, Daniel"]
[Result "1/2-1/2"]
[WhiteElo "2179"]
[BlackElo "2326"]
[PlyCount "149"]
[EventDate "2000.08.22"]
[EventType "swiss"]
[EventRounds "9"]
[EventCountry "ESP"]
[SourceTitle "AjedrezenMadrid.com"]
[Source "lmi"]
[SourceDate "2000.08.01"]
[SourceVersion "1"]
[SourceVersionDate "2020.12.27"]
[SourceQuality "2"]

1. e4 e6 2. d4 d5 3. e5 c5 4. Qg4 cxd4 5. Nf3 Nc6 6. Bd3 f5 7. Qg3 Nh6 8. O-O
Nf7 9. a3 h6 10. h4 g5 11. hxg5 hxg5 12. Nxg5 Nxg5 13. Bxg5 Be7 14. Bf4 Kf7 15.
Nd2 Bd7 16. Rfe1 Rh7 17. Bxf5 exf5 18. e6+ Bxe6 19. Rxe6 Rg7 20. Rxe7+ Qxe7 21.
Qb3 Qd7 22. Nf3 Re8 23. Rd1 Kg8 24. g3 Re4 25. Ng5 Re8 26. Kg2 Qd8 27. Nh3 Qd7
28. Qf3 Rg4 29. Qd3 Qe6 30. Ng5 Qg6 31. Nh3 Qe6 32. Ng5 Qg6 33. Nh3 Ne5 34.
Qxd4 Qf7 35. Qxd5 Ng6 36. Qxf7+ Kxf7 37. Rd7+ Re7 38. Rxe7+ Kxe7 39. Be3 Rc4
40. c3 Ke6 41. Bd4 a6 42. Kf3 Ne5+ 43. Ke2 Rc8 44. Nf4+ Kd6 45. a4 Nc6 46. Bb6
Ne5 47. Bd4 Re8 48. Kd1 Nc6 49. Be3 b5 50. axb5 axb5 51. Ne2 Kd5 52. Kc2 Ra8
53. Nd4 Nxd4+ 54. Bxd4 Kc4 55. b3+ Kd5 56. Kb2 Ke4 57. Bf6 Ra6 58. Bg7 Kd3 59.
Bd4 b4 60. Bg7 Rg6 61. Bh8 Rg8 62. Bf6 Rf8 63. Bg7 Rf7 64. Bh8 bxc3+ 65. Bxc3
Rc7 66. Be5 Rc2+ 67. Ka3 Rxf2 68. Kb4 Ke4 69. Bb8 Rb2 70. Kc4 Rc2+ 71. Kb5 Kd5
72. Bf4 Rb2 73. b4 Rb3 74. Bb8 Rb1 75. Bf4 1/2-1/2

[Event "Collado Villalba 2000"]
[Site "Collado Villalba ESP"]
[Date "2000.08.26"]
[Round "5"]
[White "Suba, Mihai"]
[Black "Candela Perez, Jose"]
[Result "1-0"]
[WhiteElo "2487"]
[BlackElo "2416"]
[PlyCount "97"]
[EventDate "2000.08.22"]
[EventType "swiss"]
[EventRounds "9"]
[EventCountry "ESP"]
[SourceTitle "AjedrezenMadrid.com"]
[Source "lmi"]
[SourceDate "2000.08.01"]
[SourceVersion "1"]
[SourceVersionDate "2020.12.27"]
[SourceQuality "2"]

1. d4 d5 2. c4 c6 3. Nc3 e6 4. Qb3 dxc4 5. Qxc4 b6 6. Nf3 Nf6 7. Bg5 Be7 8. Qb3
h6 9. Bxf6 Bxf6 10. Rd1 O-O 11. e4 Qc7 12. e5 Be7 13. Bd3 Ba6 14. O-O Rd8 15.
Qc2 Bxd3 16. Rxd3 Na6 17. a3 Qb7 18. Rfd1 Rd7 19. Qe2 Nc7 20. g3 Rad8 21. R3d2
Qa6 22. Kf1 Qxe2+ 23. Kxe2 c5 24. dxc5 Rxd2+ 25. Nxd2 Bxc5 26. Nb3 Rxd1 27.
Nxd1 Be7 28. Nd4 Kf8 29. Nc3 Ke8 30. Nc6 a6 31. Na4 Nd5 32. Kd3 Kd7 33. Nxe7
Kxe7 34. Kd4 Kd7 35. f4 Kc6 36. b3 Nc7 37. Nc3 Nb5+ 38. Nxb5 Kxb5 39. g4 g6 40.
h4 h5 41. gxh5 gxh5 42. f5 a5 43. f6 Kc6 44. Kc4 Kc7 45. Kb5 Kb7 46. b4 axb4
47. axb4 Kc7 48. Ka6 Kc6 49. Ka7 1-0

[Event "Collado Villalba 2000"]
[Site "Collado Villalba ESP"]
[Date "2000.08.28"]
[Round "6"]
[White "Bandres Carballo, Julio"]
[Black "Korneev, Oleg"]
[Result "0-1"]
[WhiteElo "2151"]
[BlackElo "2619"]
[PlyCount "58"]
[EventDate "2000.08.22"]
[EventType "swiss"]
[EventRounds "9"]
[EventCountry "ESP"]
[SourceTitle "AjedrezenMadrid.com"]
[Source "lmi"]
[SourceDate "2000.08.01"]
[SourceVersion "1"]
[SourceVersionDate "2020.12.27"]
[SourceQuality "2"]

1. d4 d5 2. Nc3 Nf6 3. Bg5 Nbd7 4. Nf3 h6 5. Bh4 e6 6. e3 Be7 7. Bd3 b6 8. O-O
Bb7 9. Ne5 Nxe5 10. dxe5 Nd7 11. Bxe7 Qxe7 12. f4 O-O-O 13. a4 a6 14. Qe2 Nc5
15. Rfc1 f5 16. b4 Nxd3 17. cxd3 d4 18. Nd1 g5 19. a5 b5 20. Rc5 dxe3 21. fxg5
f4 22. Nc3 hxg5 23. Ne4 Bxe4 24. dxe4 Rxh2 25. Rac1 Rdh8 26. Rxc7+ Qxc7 27.
Rxc7+ Kxc7 28. Qc2+ Kb7 29. Kf1 f3 0-1

[Event "Collado Villalba 2000"]
[Site "Collado Villalba ESP"]
[Date "2000.08.28"]
[Round "6"]
[White "Belezky, Sasha"]
[Black "De la Fuente Gonzalez, Francisco"]
[Result "1-0"]
[WhiteElo "2391"]
[BlackElo "2199"]
[PlyCount "101"]
[EventDate "2000.08.22"]
[EventType "swiss"]
[EventRounds "9"]
[EventCountry "ESP"]
[SourceTitle "AjedrezenMadrid.com"]
[Source "lmi"]
[SourceDate "2000.08.01"]
[SourceVersion "1"]
[SourceVersionDate "2020.12.27"]
[SourceQuality "2"]

1. Nf3 Nf6 2. g3 g6 3. Bg2 Bg7 4. O-O O-O 5. c4 c6 6. d4 d5 7. cxd5 cxd5 8. Nc3
Nc6 9. Bf4 Ne4 10. Ne5 Nxc3 11. bxc3 Nxe5 12. Bxe5 Bxe5 13. dxe5 Be6 14. Rb1
Qc7 15. Qd4 Rfd8 16. Rb4 b6 17. Rc1 Rac8 18. e3 Qc5 19. Qd2 Kg7 20. Rd4 Qa3 21.
g4 Rc4 22. h3 Rdc8 23. Rxc4 Rxc4 24. Rc2 Rc5 25. f4 b5 26. Kf2 f5 27. g5 a5 28.
Bf1 b4 29. cxb4 Qxb4 30. Rb2 Qxd2+ 31. Rxd2 Kf7 32. Be2 Kg7 33. Rb2 Rc3 34. Rb6
Kf7 35. a4 Bd7 36. Bb5 Rb3 37. e6+ Bxe6 38. Be8+ Kxe8 39. Rxb3 Bd7 40. Rb8+ Kf7
41. Ra8 Bxa4 42. Rxa5 Bb3 43. Ke1 Bc4 44. h4 Kg7 45. Ra7 Kf7 46. Kd2 Bf1 47.
Kc3 Bg2 48. Kd4 Be4 49. Ke5 Bf3 50. Ra6 Be4 51. h5 1-0

[Event "Collado Villalba 2000"]
[Site "Collado Villalba ESP"]
[Date "2000.08.28"]
[Round "6"]
[White "Cao Armillas, Jesus"]
[Black "Madina, Martin"]
[Result "1/2-1/2"]
[WhiteElo "2195"]
[BlackElo "2267"]
[PlyCount "89"]
[EventDate "2000.08.22"]
[EventType "swiss"]
[EventRounds "9"]
[EventCountry "ESP"]
[SourceTitle "AjedrezenMadrid.com"]
[Source "lmi"]
[SourceDate "2000.08.01"]
[SourceVersion "1"]
[SourceVersionDate "2020.12.27"]
[SourceQuality "2"]

1. d4 c5 2. d5 e5 3. e4 d6 4. Nc3 Be7 5. Bd3 Nd7 6. Nge2 a6 7. a4 Nf8 8. f3 Ng6
9. Be3 Bg5 10. Qd2 Bxe3 11. Qxe3 b6 12. g3 Nh6 13. h4 Ne7 14. g4 f6 15. Ng3 Nf7
16. Bf1 g6 17. Bh3 Bd7 18. Nd1 b5 19. axb5 axb5 20. Rxa8 Qxa8 21. g5 f5 22. Qd2
f4 23. Nf1 Bxh3 24. Rxh3 h6 25. Qg2 Qa5+ 26. c3 h5 27. Rh2 Qc7 28. b3 Qd7 29.
Qb2 O-O 30. Nd2 Ra8 31. Nb1 Ra5 32. Kd2 Nc8 33. Kc1 Nb6 34. Qf2 Qa7 35. Rg2 Nd8
36. Qg1 Ra1 37. Rb2 Qa3 38. Kc2 Qa6 39. Kc1 Kf8 40. Qg2 Ke7 41. Qh3 Qa7 42. Qf1
Qa5 43. Qh3 Qa8 44. Qf1 Qa6 45. Qh3 1/2-1/2

[Event "Collado Villalba 2000"]
[Site "Collado Villalba ESP"]
[Date "2000.08.28"]
[Round "6"]
[White "Garcia, Raul"]
[Black "Nuñez Muñoz, Jesus"]
[Result "1/2-1/2"]
[WhiteElo "2318"]
[BlackElo "2134"]
[PlyCount "84"]
[EventDate "2000.08.22"]
[EventType "swiss"]
[EventRounds "9"]
[EventCountry "ESP"]
[SourceTitle "AjedrezenMadrid.com"]
[Source "lmi"]
[SourceDate "2000.08.01"]
[SourceVersion "1"]
[SourceVersionDate "2020.12.27"]
[SourceQuality "2"]

1. d4 e6 2. Nf3 Nf6 3. Bg5 c5 4. e3 Be7 5. Bd3 O-O 6. Nbd2 b6 7. c3 Bb7 8. O-O
cxd4 9. exd4 d6 10. Qe2 Nbd7 11. Ba6 Qc8 12. Bd3 Re8 13. Rfe1 Bf8 14. a4 a6 15.
c4 Qc7 16. Qd1 Rac8 17. a5 bxa5 18. Qa4 Be7 19. Qxa5 Qxa5 20. Rxa5 h6 21. Bh4
g5 22. Bg3 Nh5 23. Nf1 Nxg3 24. hxg3 Bf6 25. b4 g4 26. N3h2 Bxd4 27. Nxg4 Kg7
28. Rb1 f5 29. Nge3 Ne5 30. Be2 Kf6 31. Ra4 Rc7 32. Rd1 Bxe3 33. Nxe3 Ke7 34.
Ra2 Rb8 35. f3 Bc8 36. Rb2 Rcb7 37. Rdb1 Nd7 38. Nd1 Rc7 39. Kf2 Ne5 40. Ne3
Rcb7 41. Nc2 Rc7 42. Ne3 Rcb7 1/2-1/2

[Event "Collado Villalba 2000"]
[Site "Collado Villalba ESP"]
[Date "2000.08.28"]
[Round "6"]
[White "Garcia Luengo, Leandro"]
[Black "Roa Alonso, Santiago"]
[Result "1/2-1/2"]
[WhiteElo "2221"]
[BlackElo "2358"]
[PlyCount "84"]
[EventDate "2000.08.22"]
[EventType "swiss"]
[EventRounds "9"]
[EventCountry "ESP"]
[SourceTitle "AjedrezenMadrid.com"]
[Source "lmi"]
[SourceDate "2000.08.01"]
[SourceVersion "1"]
[SourceVersionDate "2020.12.27"]
[SourceQuality "2"]

1. e4 c6 2. d4 d5 3. e5 Bf5 4. Nc3 e6 5. Bd3 Bxd3 6. Qxd3 Qb6 7. Nge2 Qa6 8.
Qh3 h5 9. O-O Nd7 10. Bg5 Be7 11. Qg3 g6 12. Qf4 Bxg5 13. Qxg5 Ne7 14. a4 Qa5
15. b4 Qd8 16. a5 Nf5 17. Qxd8+ Kxd8 18. Nd1 Kc7 19. Ne3 Ne7 20. Ra3 Nb8 21.
Nf4 Na6 22. Nd3 Rad8 23. c3 Kb8 24. Nc1 Nc7 25. Ne2 Nb5 26. Ra2 Kc7 27. Nc2 Nf5
28. Ne3 Ne7 29. g3 Kb8 30. Kg2 Kc7 31. h3 Rh7 32. Rh1 Rdh8 33. Raa1 Kb8 34.
Rac1 Rd8 35. Nf1 Nf5 36. Nd2 Rhh8 37. Nf3 Na3 38. g4 Ng7 39. Rcd1 Nc4 40. Nf4
Kc7 41. Ng5 Rdf8 42. Rd3 Kd7 1/2-1/2

[Event "Collado Villalba 2000"]
[Site "Collado Villalba ESP"]
[Date "2000.08.28"]
[Round "6"]
[White "Kalashnikov, Alexey"]
[Black "Lorite Cruz, Francisco"]
[Result "1/2-1/2"]
[WhiteElo "2258"]
[BlackElo "2198"]
[PlyCount "100"]
[EventDate "2000.08.22"]
[EventType "swiss"]
[EventRounds "9"]
[EventCountry "ESP"]
[SourceTitle "AjedrezenMadrid.com"]
[Source "lmi"]
[SourceDate "2000.08.01"]
[SourceVersion "1"]
[SourceVersionDate "2020.12.27"]
[SourceQuality "2"]

1. e4 c6 2. d4 d5 3. exd5 cxd5 4. c4 Nf6 5. Nc3 e6 6. Nf3 Nc6 7. cxd5 Nxd5 8.
Bc4 Bb4 9. Bd2 Nb6 10. Bb5 O-O 11. a3 Be7 12. Be3 Nd5 13. O-O Nxc3 14. bxc3 Qa5
15. Bxc6 bxc6 16. Ne5 Qc7 17. Qa4 c5 18. Rab1 Bd6 19. Qc6 Qxc6 20. Nxc6 cxd4
21. Bxd4 a6 22. Rbd1 Bd7 23. Bb6 Bxh2+ 24. Kxh2 Bxc6 25. Rd6 Rfc8 26. c4 Ba4
27. c5 Kf8 28. Kg3 Ke7 29. Rb1 Bc6 30. Re1 Rab8 31. Rd4 Rb7 32. a4 Rd7 33.
Rxd7+ Bxd7 34. a5 Bc6 35. Rb1 e5 36. Rd1 Bd7 37. Rd6 Rc6 38. Rd5 Ke6 39. Rd2
Ke7 40. f3 g5 41. Re2 Ke6 42. Kg4 f6 43. Kh5 Kf7 44. Kh6 Bf5 45. Rd2 g4 46. Rd6
Rxd6 47. cxd6 gxf3 48. gxf3 Ke6 49. Kg7 Kxd6 50. Kxf6 Bd7 1/2-1/2

[Event "Collado Villalba 2000"]
[Site "Collado Villalba ESP"]
[Date "2000.08.28"]
[Round "6"]
[White "Pogorelov, Ruslan"]
[Black "Suba, Mihai"]
[Result "1/2-1/2"]
[WhiteElo "2445"]
[BlackElo "2487"]
[PlyCount "83"]
[EventDate "2000.08.22"]
[EventType "swiss"]
[EventRounds "9"]
[EventCountry "ESP"]
[SourceTitle "AjedrezenMadrid.com"]
[Source "lmi"]
[SourceDate "2000.08.01"]
[SourceVersion "1"]
[SourceVersionDate "2020.12.27"]
[SourceQuality "2"]

1. d4 Nf6 2. c4 e6 3. Nf3 c5 4. d5 d6 5. Nc3 exd5 6. cxd5 g6 7. g3 Bg7 8. Bg2
O-O 9. O-O Na6 10. Nd2 Nc7 11. Nc4 Nfe8 12. Bf4 f5 13. Qd2 b6 14. Rac1 Bb7 15.
a3 Qd7 16. Bf3 Rd8 17. h4 Ba6 18. b3 Nb5 19. Nxb5 Bxb5 20. h5 Bxc4 21. Rxc4 b5
22. Rc2 gxh5 23. Bxh5 Nf6 24. Bf3 Rc8 25. Qd3 a5 26. Kg2 Ra8 27. a4 bxa4 28.
bxa4 Rfb8 29. e4 fxe4 30. Bxe4 Nxe4 31. Qxe4 Rb4 32. Qe6+ Qxe6 33. dxe6 Rd4 34.
Rb1 Bf8 35. Re2 Re8 36. Rb7 d5 37. Re5 h6 38. Rd7 Bg7 39. Rexd5 Rxe6 40. Be3
Rxd5 41. Rxd5 Re4 42. Rxc5 1/2-1/2

[Event "Collado Villalba 2000"]
[Site "Collado Villalba ESP"]
[Date "2000.08.29"]
[Round "7"]
[White "Gonzalez de la Torre, Santiago"]
[Black "Cao Armillas, Jesus"]
[Result "1/2-1/2"]
[WhiteElo "2252"]
[BlackElo "2195"]
[PlyCount "116"]
[EventDate "2000.08.22"]
[EventType "swiss"]
[EventRounds "9"]
[EventCountry "ESP"]
[SourceTitle "AjedrezenMadrid.com"]
[Source "lmi"]
[SourceDate "2000.08.01"]
[SourceVersion "1"]
[SourceVersionDate "2020.12.27"]
[SourceQuality "2"]

1. e4 e6 2. d4 d5 3. exd5 exd5 4. Nf3 Nf6 5. Bg5 Be7 6. Bd3 Bg4 7. O-O Nc6 8.
c3 O-O 9. Nbd2 Bh5 10. Qc2 Bg6 11. Bxg6 hxg6 12. Rae1 Qd7 13. Ne5 Nxe5 14. dxe5
Nh7 15. Bxe7 Qxe7 16. f4 Rfe8 17. Kh1 Nf8 18. Re3 Rad8 19. Rh3 Qe6 20. Nb3 Qf5
21. Qf2 g5 22. Rf3 g4 23. Rg3 Ne6 24. Nd4 Nxd4 25. cxd4 Re6 26. Rc3 c6 27. b4
a6 28. a4 Ra8 29. Qc2 Qxc2 30. Rxc2 f5 31. Rc5 Kf7 32. g3 Ke7 33. Rfc1 Kd7 34.
R1c2 Rh6 35. Kg2 Rah8 36. Kg1 Ra8 37. Kg2 Rah8 38. Kg1 Ra8 39. Ra2 Kc7 40. Rcc2
Kb6 41. Rab2 Kc7 42. Kf1 Kd7 43. Ke1 Re6 44. Kd2 Ree8 45. Kc3 g6 46. Kb3 Rec8
47. Ra2 Rab8 48. Ra1 Rc7 49. b5 a5 50. Rc5 Ra8 51. Rh1 Rcc8 52. h3 Rh8 53. h4
Ra7 54. Re1 Raa8 55. Ka2 Rhc8 56. Rec1 Ra7 57. R1c3 Raa8 58. Ka3 Rc7 1/2-1/2

[Event "Collado Villalba 2000"]
[Site "Collado Villalba ESP"]
[Date "2000.08.29"]
[Round "7"]
[White "Korneev, Oleg"]
[Black "Pogorelov, Ruslan"]
[Result "0-1"]
[WhiteElo "2619"]
[BlackElo "2445"]
[PlyCount "158"]
[EventDate "2000.08.22"]
[EventType "swiss"]
[EventRounds "9"]
[EventCountry "ESP"]
[SourceTitle "AjedrezenMadrid.com"]
[Source "lmi"]
[SourceDate "2000.08.01"]
[SourceVersion "1"]
[SourceVersionDate "2020.12.27"]
[SourceQuality "2"]

1. e4 e6 2. d4 d5 3. e5 c5 4. c3 Qb6 5. Nf3 Bd7 6. Be2 Nc6 7. a3 c4 8. Nbd2 Na5
9. Rb1 Qc7 10. O-O Ne7 11. Re1 Nc8 12. Nf1 Nb6 13. Bf4 Nb3 14. Ne3 O-O-O 15. g3
Bc6 16. Bf1 Kb8 17. h4 Ka8 18. h5 h6 19. Nh4 Be7 20. Neg2 Rdg8 21. Be3 g6 22.
Kh1 Be8 23. Be2 g5 24. Nf3 Nd7 25. Nh2 f5 26. exf6 Nxf6 27. g4 Rf8 28. f3 Bf7
29. Nf1 Bg8 30. Bd3 cxd3 31. Qxb3 Ne8 32. Qd1 Nd6 33. Bg1 Nc4 34. Qxd3 Bh7 35.
Qe2 Bxb1 36. Rxb1 Rf6 37. a4 Rhf8 38. Ne1 Bd6 39. b3 Na5 40. Qd3 Rc8 41. b4 Nc4
42. a5 a6 43. Nc2 Rcf8 44. Ne1 Na3 45. Rb2 Nb5 46. Rc2 Rc8 47. Ne3 Na3 48. Rc1
Bxb4 49. Bh2 Bd6 50. Bxd6 Qxd6 51. Kg2 Nc4 52. Nxc4 dxc4 53. Qe4 Qd5 54. Qe5
Qxe5 55. dxe5 Rff8 56. Nc2 Rc5 57. Re1 Rxa5 58. Nd4 Re8 59. f4 gxf4 60. Kf3 Rd5
61. g5 hxg5 62. Kg4 b5 63. Nf3 Rd3 64. h6 Rxc3 65. Nxg5 Rg3+ 66. Kxf4 Rg2 67.
Ne4 Rh2 68. Nf6 Rh8 69. Ra1 c3 70. Ng4 Rh4 71. Kg5 Rxg4+ 72. Kxg4 Rxh6 73. Kg5
Rh2 74. Kf6 c2 75. Rg1 b4 76. Kxe6 b3 77. Kd6 b2 78. e6 b1=Q 79. e7 Qb6+ 0-1